|
|
|
|
| LEADER |
00000cam a22000004a 4500 |
| 001 |
musev2_7312 |
| 003 |
MdBmJHUP |
| 005 |
20230905040837.0 |
| 006 |
m o d |
| 007 |
cr||||||||nn|n |
| 008 |
080625s2008 utu o 00 0 eng d |
| 010 |
|
|
|z 2008025853
|
| 020 |
|
|
|a 9780874217063
|
| 020 |
|
|
|z 9780874217056
|
| 020 |
|
|
|z 9781607327783
|
| 035 |
|
|
|a (OCoLC)741612962
|
| 040 |
|
|
|a MdBmJHUP
|c MdBmJHUP
|
| 043 |
|
|
|a n-us---
|
| 050 |
0 |
4 |
|a HE2763
|b .F73 2008
|
| 082 |
0 |
|
|a 385.3/120979242
|2 22
|
| 100 |
1 |
|
|a Francaviglia, Richard V.
|
| 245 |
1 |
0 |
|a Over the Range :
|b A History of the Promontory Summit Route of the Pacific Railroad /
|c Richard V. Francaviglia.
|
| 264 |
|
1 |
|a Logan :
|b Utah State University Press,
|c 2008.
|
| 264 |
|
3 |
|a Baltimore, Md. :
|b Project MUSE,
|c 2012
|
| 264 |
|
4 |
|c ©2008.
|
| 300 |
|
|
|a 1 online resource (336 pages):
|b ill. (some col.), maps (some col.) ;
|
| 336 |
|
|
|a text
|b txt
|2 rdacontent
|
| 337 |
|
|
|a computer
|b c
|2 rdamedia
|
| 338 |
|
|
|a online resource
|b cr
|2 rdacarrier
|
| 504 |
|
|
|a Includes bibliographical references (p. 307-322) and index.
|
| 505 |
0 |
|
|a Envisioning Promontory (1820-1850) -- In the path of history (1850-1865) -- The battle of the maps (1865-1868) -- A moment of glory : Promontory, 1869 -- On the early mainline (1869-1875) -- Big time railroading (1875-1904) -- A regional branchline (1904-1942) -- A changing countryside & landscape (1904-1942) -- Remembering Promontory (1942-present) -- Epilogue : full circle.
|
| 506 |
0 |
|
|a Open Access
|f Unrestricted online access
|2 star
|
| 588 |
|
|
|a Description based on print version record.
|
| 610 |
2 |
0 |
|a Central Pacific Railroad Company
|x History.
|
| 610 |
2 |
0 |
|a Union Pacific Railway Company.
|
| 650 |
|
0 |
|a Railroads
|x History.
|
| 650 |
|
0 |
|a Railroads
|z West (U.S.)
|x History.
|
| 650 |
|
0 |
|a Pacific railroads.
|
| 655 |
|
7 |
|a Electronic books.
|2 local
|
| 710 |
2 |
|
|a Project Muse.
|e distributor
|
| 830 |
|
0 |
|a Book collections on Project MUSE.
|
| 856 |
4 |
0 |
|z Texto completo
|u https://projectmuse.uam.elogim.com/book/7312/
|
| 945 |
|
|
|a Project MUSE - Archive Complete Foundation
|
| 945 |
|
|
|a Project MUSE - Archive US Regional Studies, West Foundation
|